|
|
|
|
| LEADER |
02045nam a2200565 a 4500 |
| 001 |
nkc20122356943 |
| 003 |
CZ PrNK |
| 005 |
20120503140548.0 |
| 007 |
ta |
| 008 |
120326s2012 xr a g f 000 rus |
| 015 |
|
|
|a cnb002356943
|
| 020 |
|
|
|a 978-80-903941-6-2
|q (brož.)
|
| 035 |
|
|
|a (OCoLC)794208459
|
| 040 |
|
|
|a OLA001
|b cze
|d ABA001
|
| 041 |
1 |
|
|a rus
|h cze
|
| 043 |
|
|
|a e-xr---
|b e-xr-pg
|2 czenas
|
| 072 |
|
7 |
|a 72
|x Architektura
|2 Konspekt
|9 21
|
| 080 |
|
|
|a 721
|2 MRF
|
| 080 |
|
|
|a 929.624.8
|2 MRF
|
| 080 |
|
|
|a 72:904
|2 MRF
|
| 080 |
|
|
|a 913:94
|2 MRF
|
| 080 |
|
|
|a (437.311)
|2 MRF
|
| 080 |
|
|
|a (036)
|2 MRF
|
| 100 |
1 |
|
|a Bečková, Kateřina,
|d 1957-
|7 jn20001227077
|4 aut
|
| 245 |
1 |
0 |
|a Nerudova ulica :
|b kvintèssencija staroj Pragi /
|c tekst Kateržina Bečkova ; fotografii Karel Beneš, Ondržej Kavan
|
| 250 |
|
|
|a Izd. 1-oje
|
| 260 |
|
|
|a Praga :
|b Atypo,
|c 2012
|
| 300 |
|
|
|a [60] s. :
|b barev. il. ;
|c 22 cm
|
| 500 |
|
|
|a Přeloženo z češtiny?
|
| 650 |
0 |
7 |
|a domy
|7 ph119550
|z Česko
|2 czenas
|
| 650 |
0 |
7 |
|a domovní znamení
|7 ph119546
|z Česko
|2 czenas
|
| 650 |
0 |
7 |
|a architektonické památky
|7 ph118585
|z Česko
|2 czenas
|
| 650 |
0 |
7 |
|a historický místopis
|7 ph137052
|z Česko
|2 czenas
|
| 650 |
0 |
9 |
|a houses
|z Czechia
|2 eczenas
|
| 650 |
0 |
9 |
|a house marks
|z Czechia
|2 eczenas
|
| 650 |
0 |
9 |
|a architectural monuments
|z Czechia
|2 eczenas
|
| 650 |
0 |
9 |
|a historical topography
|z Czechia
|2 eczenas
|
| 651 |
|
7 |
|a Nerudova ulice (Praha, Česko)
|7 ge694721
|2 czenas
|
| 651 |
|
7 |
|a Malá Strana (Praha, Česko)
|7 ge128513
|2 czenas
|
| 651 |
|
9 |
|a Nerudova Street (Prague, Czechia)
|2 eczenas
|
| 651 |
|
9 |
|a Malá Strana (Prague, Czechia)
|2 eczenas
|
| 655 |
|
7 |
|a průvodce
|7 fd133154
|2 czenas
|
| 655 |
|
9 |
|a guidebooks
|2 eczenas
|
| 700 |
1 |
|
|a Beneš, Karel,
|d 1951-
|7 jo20000082685
|4 pht
|
| 700 |
1 |
|
|a Kavan, Ondřej,
|d 1954-
|7 jo20000082693
|4 pht
|
| 910 |
2 |
|
|a BOA001
|b 2-1283.817
|
| 990 |
|
|
|a BK
|
| 995 |
|
|
|a 01
|
| 991 |
|
|
|b 201204
|c NOV
|e n
|
| 996 |
6 |
|
|b 2610508430
|c 2-1283.817
|l MZK
|r Sklad / do 1 hodiny
|n 0
|p p.v.
|w 001239567
|u 000010
|a 1
|e BOA001
|j MZK50
|s P
|